Normal view
MARC view
Entry Personal Name
001 - CONTROL NUMBER
- control field: 32020
003 - CONTROL NUMBER IDENTIFIER
- control field: dpl
005 - DATE AND TIME OF LATEST TRANSACTION
- control field: 20110809115713.0
008 - FIXED-LENGTH DATA ELEMENTS
- fixed length control field: 110809|||a|||||| | ||| d
040 ## - CATALOGING SOURCE
- Original cataloging agency: dpl
- Transcribing agency: dpl
100 ## - HEADING--PERSONAL NAME
- Personal name: सर्वेन्द्र विक्रम
670 ## - SOURCE DATA FOUND
- Source citation: Work cat.: (dpl)54841: सर्वेन्द्र विक्रम, शोभिनी और नानी /, 2011
670 ## - SOURCE DATA FOUND
- Source citation: Work cat.: (dpl)54841: सर्वेन्द्र विक्रम, शोभिनी और नानी /, 2011
